000 00673nam a2200205Ia 4500
005 20241216011225.0
008 190429s9999||||xx |||||||||||||| ||und||
082 _a636.9
_bC26
100 _aCARBAJAL AMPUDIA AQUILINA MARISOL
245 0 _aRESPUESTAS DE LOS CUYES EN CRECIMENTO Y ENGORDE ANTE EL USO DE CEBADA (HORDEUM VULGARE) GERMINADA EN SU ALIMENTACION
250 _a0
260 _aCERRO DE PASCO-PERU
_bUNDAC
_c2002
300 _a90 pag.
_c30 cm.
341 _h0
490 _v0
_a0
505 _aALIMENTACION/TRATAMIENTO/CONTROLES/CONVERSION ALIMENTICIA/GA
541 _aD
_bCARBAJAL AMPUDIA, AQUILIN
_d30-May-03
_oSoles
650 _aZootecnia
942 _cTESIS
999 _c36011
_d36011